| 000 | 01318 a2200193 4500 | ||
|---|---|---|---|
| 020 | _a1853267333 (paperback) | ||
| 020 | _a9781853267338 (paperback) | ||
| 082 | 0 | 4 | _a813 |
| 090 |
_c4420 _d4420 |
||
| 100 | 1 | _aDumas, Alexandre. | |
| 245 | 1 | 0 |
_aCount of monte cristo / _cAlexandre Dumas. |
| 260 |
_a[S.l.] : _bWordsworth Editions Ltd, _c1998. |
||
| 300 |
_a928 p. ; _c20 cm. |
||
| 490 | 1 | _aWordsworth classics) (wordsworth collection. | |
| 520 | _aWith an Introduction and Notes by Keith Wren, University of Kent at Canterbury The story of Edmund Dantes, self-styled Count of Monte Cristo, is told with consummate skill. The victim of a miscarriage of justice, Dantes is fired by a desire for retribution and empowered by a stroke of providence. In his campaign of vengeance, he becomes an anonymous agent of fate. The sensational narrative of intrigue, betrayal, escape, and triumphant revenge moves at a cracking pace. Dumas' novel presents a powerful conflict between good and evil embodied in an epic saga of rich diversity that is complicated by the hero's ultimate discomfort with the hubristic implication of his own actions. | ||
| 830 | 0 | _aWordsworth classics) (wordsworth collection. | |
| 856 | 4 | 0 |
_3Amazon.com _uhttp://www.amazon.com/exec/obidos/ASIN/1853267333/chopaconline-20 |
| 942 |
_aNBS _cBK _k823 DUM |
||
| 999 |
_c346864 _d346864 |
||